| 000 | 01193nam a22003491a 4500 | ||
|---|---|---|---|
| 999 |
_c2263 _d2263 |
||
| 001 | 017520651 | ||
| 003 | UkOxU | ||
| 005 | 20230407130154.0 | ||
| 008 | 101207r20111996enka j 000 f eng|d | ||
| 015 |
_aGBB0E8395 _2bnb |
||
| 016 | 7 |
_a015716007 _2Uk |
|
| 020 | _a9781409307204 (pbk.) : | ||
| 035 | _a(Uk)015716007 | ||
| 040 |
_aStDuBDS _beng _cStDuBDS _dUk _dKH8 |
||
| 042 | _aukblsr | ||
| 082 | 0 | 4 |
_a823.914 ADA _222 |
| 100 | 1 |
_aAdamson, Jean, _d1928- _eauthor |
|
| 245 | 1 | 0 |
_aTopsy and Tim have itchy heads / _cJean and Gareth Adamson. |
| 260 |
_aLondon : _bLadybird, _c2011. |
||
| 300 |
_a1 v. : _bchiefly col. ill. ; _c21 cm. |
||
| 336 |
_atext _2rdacontent |
||
| 337 |
_aunmediated _2rdamedia |
||
| 338 |
_avolume _2rdacarrier |
||
| 500 | _aOriginally published: London: Dutton, 1996. | ||
| 500 |
_aFormerly CIP. _5Uk |
||
| 650 | 0 |
_aTopsy (Fictitious character : Adamson) _vPictorial works _vJuvenile fiction. |
|
| 650 | 0 |
_aTim (Fictitious character : Adamson) _vPictorial works _vJuvenile fiction. |
|
| 650 | 0 |
_aPediculosis _vPictorial works _vJuvenile fiction. |
|
| 655 | 7 |
_aChildren's stories _vPictorial works. _2gsafd |
|
| 700 | 1 |
_aAdamson, Gareth. _eauthor |
|
| 942 |
_2ddc _cNFIC |
||